000 002850000a22000970004500
245 1 0 _aDry and thirsty land
300 _aVol.0, núm.0 (Septiembre-Noviembre, 2005), Páginas 4-9
520 _aThe growing dangers of live in Niger's arid Sahel region.
773 0 _tTeartimes
942 _cANA
999 _c60833
_d60833